The Sufis
Αποθηκεύτηκε σε:
| Κύριος συγγραφέας: | |
|---|---|
| Μορφή: | Βιβλίο |
| Γλώσσα: | English |
| Δημοσίευση: |
London :
The Octagon Press,
c1977
|
| Θέματα: | |
| Ετικέτες: |
Προσθήκη ετικέτας
Δεν υπάρχουν, Καταχωρήστε ετικέτα πρώτοι!
|
MARC
| LEADER | 00000cam a2200000 i 4500 | ||
|---|---|---|---|
| 001 | 1/27461 | ||
| 008 | 020918s1989 eng d | ||
| 020 | |a 0-86304-020-9 | ||
| 035 | |l 10068439 | ||
| 040 | |a GR-MY-UA |b gre |e aacr | ||
| 041 | 0 | |a eng | |
| 082 | 0 | |a 297.4 | |
| 100 | 1 | |a Shah, Idries, |d 1924-1996. | |
| 245 | 1 | 4 | |a The Sufis / |c Idries Shah |
| 260 | |a London : |b The Octagon Press, |c c1977 | ||
| 300 | |a xii, 403 p.; |c 22 cm. | ||
| 500 | |a Fifth impression 1989 | ||
| 650 | 0 | 0 | |a Sufism. |
| 852 | |a INST |b LESVOS |e 20020918 |h 297.4 SHA |p 005100025143 |q 005100025143 |t BK |y 0 | ||
| 901 | |a BIBL1-2002-3 | ||
| 909 | |a Λ |b 102378 | ||
| 970 | |a ΤΖΑΦΕΡΗ |b ΕΥΑΓΓΕΛΙΑ |z 2002/09/18 | ||